| 000 | 00542nam a2200229Ia 4500 | ||
|---|---|---|---|
| 003 | 0100 | ||
| 008 | 130303s9999 xx 000 0 und d | ||
| 020 | _a0091222850 6 | ||
| 040 | _cARRUPELIB | ||
| 050 | _aB41.U7 1960 | ||
| 245 | 4 | _aThe Concise encyclopedia of Western philosophy and philosophers | |
| 250 | _a2nd. | ||
| 260 | _aLondon | ||
| 260 | _bHutchinson Books | ||
| 260 | _C1975 | ||
| 300 | _a319p. | ||
| 300 | _b 25cm. | ||
| 650 | _aPHILOSOPHY | ||
| 650 | _bPsychology | ||
| 700 | _aUrmson, J.O. (ed.) | ||
| 942 | 0 | 0 | _01 |
| 999 |
_c46294 _d46294 |
||